Practical electron microscopy for biologists. (Record no. 27613)

MARC details
000 -LEADER
fixed length control field 00348nam a2200133Ia 4500
082 ## - DEWEY DECIMAL CLASSIFICATION NUMBER
Classification number 57.086.3
Item number MEE
100 ## - MAIN ENTRY--AUTHOR NAME
Personal name MEEK, Geoffery
245 #0 - TITLE STATEMENT
Title Practical electron microscopy for biologists.
250 ## - EDITION STATEMENT
Edition statement Ed.2
260 ## - PUBLICATION, DISTRIBUTION, ETC. (IMPRINT)
Place of publication London
Name of publisher John Wiley
Year of publication 1976
650 ## - SUBJECT ADDED ENTRY--TOPICAL TERM
Topical Term Electron microscopy
942 ## - ADDED ENTRY ELEMENTS (KOHA)
Koha item type Books
Holdings
Withdrawn status Lost status Damaged status Not for loan Home library Current library Date acquired Full call number Accession Number Koha item type
        RRII Library RRII Library 16/12/2021 57.086.3 MEE 08230 Books